| Tag |
First Indicator |
Second Indicator |
Subfields |
| LEADER |
00000cam a22000001a 4500 |
| 001 |
in00003379310 |
| 006 |
m d f |
| 007 |
cr bn mmmapmmp |
| 008 |
100727s2003 dcu o f000 0 eng d |
| 005 |
20260430153616.8 |
| 035 |
|
|
|a cis2007901277
|
| 040 |
|
|
|a ProQuest
|c ProQuest
|d UtOrBLW
|
| 043 |
|
|
|a n-us---
|
| 099 |
|
|
|a CRS-2003-FDT-0099
|
| 110 |
2 |
|
|a Library of Congress.
|b Congressional Research Service.
|
| 245 |
1 |
0 |
|a Malaysia :
|b Political Transition and Implications for U.S. Policy.
|
| 264 |
|
1 |
|a [Place of publication not identified] :
|b [publisher not identified],
|c 2003.
|
| 300 |
|
|
|a 1 online resource.
|
| 336 |
|
|
|a text
|b txt
|2 rdacontent
|
| 337 |
|
|
|a computer
|b c
|2 rdamedia
|
| 338 |
|
|
|a online resource
|b cr
|2 rdacarrier
|
| 500 |
|
|
|a Record is based on bibliographic data in ProQuest U.S. Congressional Research Digital Collection (last viewed July 2010). Reuse except for individual research requires license from ProQuest, LLC.
|
| 500 |
|
|
|a CRS Report.
|
| 520 |
|
|
|a Analyzes political changes and economic developments in Malaysia and implications for U.S. policy. Provides brief history of Malaysian society and economy, and examines anticipated political transition from Malaysian Prime Minister Mahathir Mohamad to his Deputy Prime Minister Abdullah Badawi. Discusses key aspects of Malaysia relationship with U.S., including trade and military counterterrorism cooperation.
|
| 500 |
|
|
|a Electronic resource.
|
| 650 |
|
0 |
|a International relations.
|
| 650 |
|
0 |
|a International trade.
|
| 650 |
|
0 |
|a Terrorism.
|
| 655 |
|
7 |
|a Electronic books.
|2 local
|
| 710 |
2 |
|
|a ProQuest (Firm)
|
| 776 |
0 |
8 |
|i Microfiche version:
|a Library of Congress. Congressional Research Service.
|t Malaysia
|
| 830 |
|
0 |
|a U.S. Congressional Research.
|
| 856 |
4 |
0 |
|u http://proxy.library.tamu.edu/login?url=https://congressional.proquest.com/congcomp/getdoc?CRDC-ID=CRS-2003-FDT-0099
|z Connect to the full text of this electronic book
|t 0
|
| 999 |
|
|
|a MARS
|
| 999 |
f |
f |
|s c97e0067-0c18-3f86-b79d-d7fd5356c39c
|i 6bc30a1c-e5dd-3077-9ee0-bccbf185a8fb
|t 0
|
| 952 |
f |
f |
|a Texas A&M University
|b College Station
|c Electronic Resources
|s www_evans
|d Available Online
|t 0
|e CRS-2003-FDT-0099
|h Other scheme
|
| 998 |
f |
f |
|a CRS-2003-FDT-0099
|t 0
|l Available Online
|